Effect of pre-emptive intraperitoneal local anaesthesia in laparoscopic surgery : a randomized, double-blinded, placebo-controlled study /cMohana Raj Thanapal.
Saved in:
| 主要作者: | |
|---|---|
| 格式: | Thesis 图书 |
| 语言: | English |
| 出版: |
2012.
|
| 主题: | |
| 标签: |
添加标签
没有标签, 成为第一个标记此记录!
|
| LEADER | 00971cam a2200253 a 4500 | ||
|---|---|---|---|
| 001 | u851464 | ||
| 003 | SIRSI | ||
| 005 | 201202160957 | ||
| 008 | 120216n2012 my a t 000 0 eng m | ||
| 040 | |a UMP | ||
| 043 | |a a-my--- | ||
| 096 | |a WO100 |b UM 2012 Moh | ||
| 100 | 0 | |a Mohana Raj Thanapal. | |
| 245 | 1 | 0 | |a Effect of pre-emptive intraperitoneal local anaesthesia in laparoscopic surgery : |b a randomized, double-blinded, placebo-controlled study /cMohana Raj Thanapal. |
| 260 | |c 2012. | ||
| 300 | |a 51 leaves : |b col. ill., tables ; |c 30 cm. | ||
| 502 | |a Dissertation (M. Surg.) -- Department of Surgery, Faculty of Medicine, University of Malaya, 2012. | ||
| 504 | |a Bibliography: leaves 34-35. | ||
| 650 | 1 | 2 | |a Laparoscopy |x methods |z Malaysia. |
| 650 | 2 | 2 | |a Anesthesia |z Malaysia. |
| 710 | 2 | 0 | |a Universiti Malaya. |b Jabatan Surgeri. |
| 900 | |a RAH | ||
| 596 | |a 2 | ||
| 999 | |a WO100 UM 2012 MOH |w NLM |c 1 |i A515030585 |d 5/3/2012 |f 5/3/2012 |g 1 |l TESIS |m P02MEDKL |r Y |s Y |t TESIS |u 5/3/2012 | ||
